| 000 | 00765cam a2200241 a 4500 | ||
|---|---|---|---|
| 001 | 4784856 | ||
| 005 | 20180310031130.0 | ||
| 008 | 870112s1987 nyu b 001 0 eng | ||
| 010 | _a 87001562 | ||
| 020 |
_a0029187907 : _c$24.95 |
||
| 040 |
_aDLC _cDLC _dDLC |
||
| 041 | _aeng | ||
| 043 | _an-us--- | ||
| 080 | _a342.73029 | ||
| 082 | 0 | 0 |
_a342.73029 LEV _a347.30229 _219 |
| 100 | _a14 | ||
| 101 | _aSHJ | ||
| 245 | 0 | 4 |
_aThe Framing and ratification of the Constitution / _cLeonard W. Levy and Dennis J. Mahoney, editors. |
| 504 | _aBibliography: p. 371-379. | ||
| 906 |
_a7 _bcbc _corignew _d1 _eocip _f19 _gy-gencatlg |
||
| 942 |
_2ddc _cBK |
||
| 999 |
_c44651 _d44651 |
||